| 000 | 00494nam a2200193Ia 4500 | ||
|---|---|---|---|
| 005 | 20250326145422.0 | ||
| 008 | 250326s9999 xx 000 0 und d | ||
| 037 | _aTextbook | ||
| 040 |
_aFMSL _beng _cFMSL |
||
| 041 |
_aeng _2eng |
||
| 084 | _qFMSL | ||
| 100 | _aGupta R K | ||
| 245 | 0 |
_aQualitative research in management _cGupta R K; Awasthy R |
|
| 260 |
_aNew Delhi _bNew Delhi, Sage _c2015 |
||
| 365 | _b695 | ||
| 650 | _aManagement | ||
| 942 | _cTB | ||
| 999 |
_c1307512 _d1307512 |
||